Techniques in human geography
Uloženo v:
| Hlavní autoři: | , |
|---|---|
| Médium: | Kniha |
| Jazyk: | španělština |
| Vydáno: |
Londres
Macmillan Education
1986
|
| Témata: | |
| Tagy: |
Přidat tag
Žádné tagy, Buďte první, kdo vytvoří štítek k tomuto záznamu!
|
MARC
| LEADER | 00000nam a2200000 a 4500 | ||
|---|---|---|---|
| 001 | UCW9839 | ||
| 003 | CL-VaPUC | ||
| 008 | 890623e19860000UK |||||||||||||||||spa|d | ||
| 082 | 0 | 4 | |a 304.2 |b TOY |2 21 |
| 100 | 0 | |a Toyne, Peter |e author |9 315276 | |
| 700 | 0 | |a Newby, Peter T |e author |9 315277 | |
| 245 | 1 | 0 | |a Techniques in human geography |
| 300 | |a 187 p | ||
| 942 | |c BK | ||
| 945 | |d 19890623 00:00:00 | ||
| 260 | |a Londres |b Macmillan Education |c 1986 | ||
| 650 | 0 | |a Geografía humana |9 267193 | |
| 583 | |a last modification |c 19890623 00:00:00 |k Rodrigo Vera | ||
| 999 | |c 221701 |d 221699 | ||
| 952 | |0 0 |1 0 |4 0 |6 304_200000000000000_TOY_1986 |7 0 |8 A |9 215443 |a BIBING |b BIBING |d 2019-11-15 |i 2838745 |o 304.2 TOY 1986 |p 2838745 |r 2025-01-20 |w 2019-11-15 |y BK |k GEO | ||